000 00903nam a2200301 i 4500
999 _c65413
_d65413
001 768714001
003 CO-MdFUSB
005 20200317104211.0
007 ta
008 200303t1988 sp |||| |||| 00| 0 spa d
020 _a847151558X
040 _aCO-MdFUSB
_bspa
_cCO-MdFUSB
_dCO-MdFUSBC
_erda
041 _aspa
082 _223
_a230.003
_bD545
245 0 _aDiccionario abreviado de pastoral.
_c/ dirigidio por Casiano Floristán , Juan José Tamayo
264 1 _aEspaña :
_bVerbo Divino,
_c[1988]
264 4 _c© 1988
300 _a507 páginas
_c; 21 cm
336 _2rdacontent
_atexto
_btxt
337 _2rdamedia
_asin mediación
_bn
338 _2rdacarrier
_avolumen
_bnc
563 _aRústico
650 7 _9227
_aTeología pastoral
_vDiccionarios
700 _92956
_aFloristán, Casiano.
_edirector
700 _92957
_aTamayo, Juan José.
942 _cBK
945 _aJTF-925
_bAEM-53